Mots cochons (pas de panique, ce n'est pas ce que vous pensez) - Statistiques

Statistiques générales
  • Ce quiz a été pris 78 fois
    41 depuis la dernière actualisation
  • Le résultat moyen est 25 sur 28
Statistiques - réponses
Hint Réponse % Correct
Bananeraie 1
95%
Ebranler E
95%
Etouffe E
95%
Dimanche Di
92%
Embout Em
92%
Grenouille Gre
92%
Mécanique Méca
92%
Pagode Pa
92%
Pattemouille Patte
92%
Semoule Se
92%
Standard Stan
92%
Glandulaire Ulaire
92%
Asymétrique Asymé
89%
Troubadour Badour
89%
Entrenoeud Entre
89%
Escoffion Escof
89%
Géorgie
89%
Analgésique Gésique
89%
Habiter Har
89%
Maboule Ma
89%
Piperade Rade
89%
Chatterie Rie
89%
Vergetures Tures
89%
Turlupine Turlu
89%
Unisexe Uni
89%
Auriculaire Auriaire
86%
Free lance Free
86%
Prestige Pres
86%
Aucun quiz correspondant
Distribution des résultats
% des personnes avec chaque résultat
Percentile par nombre de réponses
Votre historique - résultats
Vous n’avez pas pris ce quiz depuis la dernière actualisation